| 000 | 00988nam a2200277Ia 4500 | ||
|---|---|---|---|
| 003 | CO-BoRNBP | ||
| 005 | 20250604152801.0 | ||
| 007 | ta | ||
| 008 | 180109s9999 xx 000 0 und d | ||
| 020 | _a9788494437588 | ||
| 040 |
_aCO-BoRNBP _bspa _erda _cCO-BoRNBP |
||
| 041 | _aspa | ||
| 084 | _aC BIE5 | ||
| 100 | 1 |
_aBierce, Ambrose Gwinnet, 1842-1914 _91046 |
|
| 245 | 1 | 0 |
_a99 fábulas fantásticas / _cAmbrose Bierce ; ilustrada por Carlos Nine ; selección y traducción de Marcial Souto. |
| 250 | _aPrimera edición | ||
| 264 | 1 |
_aBarcelona : _bLibros del zorro rojo;2016 |
|
| 300 |
_a96 páginas : _bilustraciones en color ; _c21 cm |
||
| 336 |
_atexto _btxt _2rdacontent |
||
| 337 |
_asin mediación _bn _2rdamedia |
||
| 338 |
_avolumen _bnc _2rdacarrier |
||
| 650 | 0 | 4 |
_aFabulas Estadounidenses _2LEMB _92064 |
| 650 | 0 | 0 |
_aCuentos estadounidenses _2LEMB _92727 |
| 700 | 1 |
_aNine, Carlos, 1944-2016, ilustrador \ Souto, Marcial, traducción y selección _959501 |
|
| 942 |
_2loc _cBK |
||
| 999 |
_c57118 _d57118 |
||